| 000 | 00644nam a2200217 a 4500 | ||
|---|---|---|---|
| 005 | 20210219153156.0 | ||
| 008 | 991125n 000 0 spa u | ||
| 035 | _aUPN01000081939 | ||
| 100 | _aRIJO PEREZ, Eduardo | ||
| 222 | _aEDUCACION | ||
| 245 | _aLa importancia de la práctica político-social en la formación de los profesores de marxismo-leninismo e historia | ||
| 260 | _aCuba | ||
| 300 | _a37-40 | ||
| 362 | _a1985 Año 15, no. 56, ene.-mar. | ||
| 653 | 0 | _aCUBA | |
| 653 | 0 | _aEDUCACION SOCIALISTA | |
| 653 | 0 | _aFORMACION DE MAESTROS | |
| 700 | _aRAMOS VERA, Magaly, coaut. | ||
| 904 |
_aAC _b019750 |
||
| 905 | _aArticulo | ||
| 999 |
_c70208 _d70208 |
||